书目信息 |
| 题名: |
国际公法
|
|
| 作者: | 希利尔 著 ;杨泽伟 编注 | |
| 分册: | ||
| 出版信息: | 北京 中国人民大学出版社 2005.08 |
|
| 页数: | 46, 417页 | |
| 开本: | 23cm | |
| 丛书名: | 21世纪法学系列教材 | |
| 单 册: | ||
| 中图分类: | D990 | |
| 科图分类: | ||
| 主题词: | 国际公法--guo ji gong fa--高等学校--英文--教材 | |
| 电子资源: | ||
| ISBN: | 7-300-06316-0 | |
| 000 | 01168nam 2200301 450 | |
| 001 | 012007126796 | |
| 005 | 20070929092218.59 | |
| 010 | @a7-300-06316-0@dCNY45.00 | |
| 100 | @a20070725d2005 km y0chiy0120 ea | |
| 101 | 0 | @aeng |
| 102 | @aCN@b110000 | |
| 105 | @ay z 001yy | |
| 200 | 1 | @a国际公法@Aguo ji gong fa@d= Principles of public international law@e导读本@f(英) Tim Hillier著@F(ying)Tim Hillier zhu@g杨泽伟编注@Gyang ze wei bian zhu@zeng |
| 210 | @a北京@c中国人民大学出版社@d2005.08 | |
| 215 | @a46, 417页@d23cm | |
| 225 | 2 | @a21世纪法学系列教材@A21 shi ji fa xue xi lie jiao cai |
| 305 | @a据原文第2版编注 | |
| 314 | @a责任者 (Hillier) 规范汉译姓:希利尔 | |
| 320 | @a有索引。 | |
| 330 | @a本教材共分17章,包括国际法的渊源、条约法、领土权力、国家管辖豁免、国家责任、经济关系、环境保护、国内法与国际法的关系等内容。 | |
| 410 | 0 | @12001 @a21世纪法学系列教材 |
| 510 | 1 | @aPrinciples of public international law@zeng |
| 606 | 0 | @a国际公法@Aguo ji gong fa@x高等学校@x英文@j教材 |
| 690 | @aD990@v4 | |
| 701 | 1 | @a希利尔@Axi li er@g(Hillier, Timothy)@4著 |
| 702 | 0 | @a杨泽伟@Ayang ze wei@4编注 |
| 801 | 0 | @aCN@c20070929 |
| 905 | @dD990@eX121 | |
| 国际公法= Principles of public international law:导读本/(英) Tim Hillier著/杨泽伟编注.-北京:中国人民大学出版社,2005.08 |
| 46, 417页;23cm.-(21世纪法学系列教材) |
| ISBN 7-300-06316-0:CNY45.00 |
| 本教材共分17章,包括国际法的渊源、条约法、领土权力、国家管辖豁免、国家责任、经济关系、环境保护、国内法与国际法的关系等内容。 |
| ● |
| 相关链接 |
|
|
|
正题名:国际公法
索取号:D990/X121
 
预约/预借
| 序号 | 登录号 | 条形码 | 馆藏地/架位号 | 状态 | 备注 |
| 1 | 248019 | 202480190 | 社科库509/509社科库 109排2列3层/ [索取号:D990/X121] | 在馆 | |
| 2 | 248020 | 202480207 | 社科库509/509社科库 109排2列3层/ [索取号:D990/X121] | 在馆 |